Les 10 ONG les plus influentes du monde - Statistiques

Statistiques générales
  • Ce quiz a été pris 6 fois
  • Le résultat moyen est 2 sur 10
Statistiques - réponses
Rang Les 10 ONG les plus influentes au monde % Correct
2 Médecins Sans Frontières
100%
6 Acumen
17%
5 Ashoka
17%
1 Bangladesh Rural Advancement Committee (BRAC)
17%
10 Cure Violence
17%
3 Danish Refugee Council (DRC)
17%
8 Handicap International
17%
7 Mercy Corps
17%
9 Oxford Committee for Famine Relief (Oxfam)
17%
4 Skoll Foundation
0%
Aucun quiz correspondant
Distribution des résultats
% des personnes avec chaque résultat
Percentile par nombre de réponses
Votre historique - résultats
Vous n’avez pas pris ce quiz